| 000 | 00371 a2200145 4500 | ||
|---|---|---|---|
| 005 | 20250625132734.0 | ||
| 020 | _a0-13-027421-6 | ||
| 082 | _a519.5 BOU | ||
| 100 | _aBOUDREAU, N. | ||
| 245 | _aStatistics for Business and Economics | ||
| 250 | _a8th Ed. | ||
| 260 |
_aNew York, _bPrentice Hall, _c2001. |
||
| 300 |
_av, 422p.; ill.; figure, table _c27cm |
||
| 942 |
_2ddc _cBKS |
||
| 999 |
_c5078 _d5078 |
||